The Amazing Spider-Man - Quiz - Statistiques

Statistiques générales
  • Ce quiz a été pris 624 fois
  • Le résultat moyen est 14 sur 21
Statistiques - réponses
Question Réponse % Correct
Acteur de Spider-Man Andrew Garfield
94%
Identité de Spider-Man Peter Parker
93%
Qui est Ben par rapport à Spider-Man? Son oncle
91%
Année de sortie 2012
89%
Langue originale Anglais
89%
Ville où l'action se déroule New York
88%
Petite amie de Spider-Man Gwen Stacy
85%
Pays d'origine États-Unis
84%
Actrice de la petite amie à Spider-Man Emma Stone
81%
Métier du père de sa petite amie Policier
81%
Ennemi à l'école Flash Thompson
78%
Nom du Docteur Curt Connors quand il est transformé Le Lézard
76%
Nom du laboratoire dans laquelle Spider-Man se fait piquer Oscorp
69%
Repère de Connors Les égouts
67%
Passe-temps de Spider-Man avant que l'histoire commence Photographie
64%
Où Ben reçoit-t-il sa balle de fusil? Dans son ventre
48%
Réalisateur Marc Webb
44%
Genre Super-héros
40%
Acteur de Connors Rhys Ifans
14%
Titre québecois L'extraordinaire Spider-Man
11%
Quel docteur force Connors à tester son produit sur des humains ? Docteur Rajit Ratha
2%
Aucun quiz correspondant
Distribution des résultats
% des personnes avec chaque résultat
Percentile par nombre de réponses
Votre historique - résultats
Vous n’avez pas pris ce quiz